Most expensive football transfers - Defensive Midfielders - 2011-2012 - Statistics

General Stats
  • This quiz has been taken 12 times
  • The average score is 5 of 10
Answer Stats
Fee (M €) Nationality Left Joined Player % Correct
18,00 Switzerland / Turkey Udinese Calcio SSC Napoli Gökhan Inler
90%
10,00 Turkey Borussia Dortmund Real Madrid Nuri Şahin
90%
11,50 Brazil / Italy Inter Paris SG Thiago Motta
80%
9,00 Honduras Tottenham Stoke City Wilson Palacios
80%
11,00 France Olympique Lyon Málaga CF Jérémy Toulalan
50%
8,00 France / Mali Juventus Paris SG Mohamed Sissoko
50%
6,00 Belgio Standard Liège FC Porto Steven Defour
30%
8,00 Canada / Netherlands RSC Mallorca Villarreal Jonathan de Guzmán
20%
9,00 Germany VfB Stuttgart VfL Wolfsburg Christian Träsch
10%
6,00 Brazil G. Bordeaux Al-Shabab Fernando
10%
No matching quizzes found
Score Distribution
Percent of People with Each Score
Percentile by Number Answered
Your Score History
You have not taken this quiz